| 000 | 00766nam a2200277Ia 4500 | ||
|---|---|---|---|
| 001 | Para_6943 | ||
| 003 | CHAP | ||
| 008 | 220125s1891 xx 000 0 und d | ||
| 010 | _a205220 | ||
| 040 | _cCHAP | ||
| 082 | _aPA-C 631.04 B5 | ||
| 100 |
_aManrique de Lara, Rafael _970537 |
||
| 245 |
_aCultivo del naranjo / _c por Rafael Manrique de Lara |
||
| 260 |
_aMéxico, D. F. : _b Sec- mejoramiento |
||
| 300 | _a28 p. | ||
| 500 | _aEnc. con otros impresos similares | ||
| 650 |
_aCultivos _x colecciones de escritos _9171208 |
||
| 650 |
_aNaranja _980130 |
||
| 901 | _aPA-C 631.04 B5 | ||
| 902 | _aA | ||
| 905 | _a0000001891 0000000000 00 | ||
| 910 | _a1891 | ||
| 942 | _cPARA | ||
| 942 |
_cPARA _d1 |
||
| 999 |
_c205220 _d205220 |
||